| 000 | 00567nam a22001457a 4500 | ||
|---|---|---|---|
| 008 | 170425b xxu||||| |||| 00| 0 eng d | ||
| 082 |
_21996 _aDFil 920 _bSe6 |
||
| 245 |
_aSergio Osmeña: _bthe enduring legacy/ _cEdited by Resil B. Mojares. |
||
| 260 |
_aCebu City: _bCebu Newspaper Workers Foundation, _cc1996. |
||
| 300 |
_a151 pages: _billustrations; _c23 cm. |
||
| 650 | 0 |
_920270 _aSergio, Osmeña, 1878-1961. |
|
| 650 | 0 |
_920271 _aPresidents -- Philippines -- Biography. |
|
| 650 | 0 |
_920272 _aPhilippines -- Politics and government -- 1935-1946. |
|
| 942 |
_2ddc _cDFIL |
||
| 999 |
_c6690 _d6690 |
||